अतिशय / (Record no. 111371)

MARC details
000 -LEADER
fixed length control field 01103nam a22002777a 4500
003 - CONTROL NUMBER IDENTIFIER
control field dpl
005 - DATE AND TIME OF LATEST TRANSACTION
control field 20180702143149.0
008 - FIXED-LENGTH DATA ELEMENTS--GENERAL INFORMATION
fixed length control field 180702b xxu||||| |||| 00| 0 eng d
010 ## - LIBRARY OF CONGRESS CONTROL NUMBER
LC control number B-100934, B-100943
020 ## - INTERNATIONAL STANDARD BOOK NUMBER
Terms of availability 500.00
International Standard Book Number 8188266108
035 ## - SYSTEM CONTROL NUMBER
System control number B-143132
037 ## - SOURCE OF ACQUISITION
Source of stock number/acquisition Cen Lib/Ret
040 ## - CATALOGING SOURCE
Original cataloging agency DPL
Language of cataloging HN
Transcribing agency 0
082 ## - DEWEY DECIMAL CLASSIFICATION NUMBER
Classification number
Item number सिन्हा
100 ## - MAIN ENTRY--PERSONAL NAME
Personal name सिन्हा, मिरुदुला
9 (RLIN) 15968
245 ## - TITLE STATEMENT
Title अतिशय /
Statement of responsibility, etc मृदुला सिन्हा
246 ## - VARYING FORM OF TITLE
Title proper/short title Mahasagar /
Remainder of title by Howard fast
260 ## - PUBLICATION, DISTRIBUTION, ETC. (IMPRINT)
Place of publication, distribution, etc नई दिल्ली
Name of publisher, distributor, etc प्रतिभा प्रितिश्ठन
Date of publication, distribution, etc 2003
270 ## - ADDRESS
Address १९९१ दाख्नारिये स्ट्रीट , नेताजी सुभाष marg
City नई दिल्ली
Postal code ११०००२
300 ## - PHYSICAL DESCRIPTION
Extent 417पृ.
Dimensions 20सेमी(सजिल्द)
650 ## - SUBJECT ADDED ENTRY--TOPICAL TERM
Topical term or geographic name as entry element हिंदी साहित्य
9 (RLIN) 42463
650 ## - SUBJECT ADDED ENTRY--TOPICAL TERM
Topical term or geographic name as entry element उपन्यास
9 (RLIN) 42464
650 ## - SUBJECT ADDED ENTRY--TOPICAL TERM
Topical term or geographic name as entry element Hindi literature
9 (RLIN) 42465
650 ## - SUBJECT ADDED ENTRY--TOPICAL TERM
Topical term or geographic name as entry element Fiction
9 (RLIN) 8901
942 ## - ADDED ENTRY ELEMENTS (KOHA)
Source of classification or shelving scheme Dewey Decimal Classification
Koha item type Hindi Books
Classification part
Call number suffix सिन्हा
Holdings
Withdrawn status Lost status Damaged status Not for loan Home library Current library Date acquired Source of acquisition Cost, normal purchase price Total Checkouts Full call number Barcode Date last seen Copy number Cost, replacement price Price effective from Koha item type Source of classification or shelving scheme Collection code Total Renewals Date checked out
        Central Library Central Library 01/08/2015 Cen Lib/Ret 500.00   उ सिन्हा B-100934 01/08/2015 1 500.00 01/08/2015 Hindi Books        
        Shahdara Branch Shahdara Branch 02/07/2018 BPPD/PUB 500.00 1 उ सिन्हा B-100943 13/05/2024   500.00 02/07/2018 Hindi Books Dewey Decimal Classification Fiction 1 18/04/2024

© Delhi Public Library
Hit Counter
free hit counter